Finančné deriváty a ich využitie pri riadení kurzových rizík
Riziká pri podnikaní na zahraničných trhoch. Kurzové riziká a možnosti ich eliminácie.
Na minha lista:
| Autor principal: | |
|---|---|
| Formato: | Capítulo de Livro |
| Idioma: | eslovaco |
| Assuntos: | |
| Tags: |
Sem tags, seja o primeiro a adicionar uma tag!
|
MARC
| LEADER | 00000naa$a2200000$$$4500 | ||
|---|---|---|---|
| 001 | 0086021 | ||
| 005 | 20221129113405.8 | ||
| 041 | 0 | |a slo | |
| 044 | |a SK | ||
| 245 | 1 | 0 | |a Finančné deriváty a ich využitie pri riadení kurzových rizík |c Viktória Bobáková |
| 520 | |a Riziká pri podnikaní na zahraničných trhoch. Kurzové riziká a možnosti ich eliminácie. | ||
| 610 | 2 | 0 | |a riziko kurzové |
| 610 | 2 | 0 | |a forwardy |
| 610 | 2 | 0 | |a spot |
| 610 | 2 | 0 | |a podnikatelia |
| 610 | 2 | 0 | |a trh finančný |
| 100 | 1 | |a Bobáková, Viktória | |